| 000 | 00576nam a2200157 i 4500 | ||
|---|---|---|---|
| 001 | 46078 | ||
| 003 | ES-MaACL | ||
| 005 | 20230906161327.0 | ||
| 007 | t| | ||
| 008 | 030327s1929 sp ||||1| spa d | ||
| 245 | 0 | 0 |
_aVI Concurso nacional de Ganaderia, Avicultura, maquinaria agrícola, industrias lácticas _b: reglamento, programa / _corganizado por la Asociación general de Ganaderos. |
| 260 |
_aMadrid : _b[s.n.], _c1929 ( _fSucs. de Rivadeneyra) |
||
| 300 |
_a326 p. ; _c19 cm. |
||
| 710 | 2 |
_aAsociación General de Ganaderos (España) _91713 |
|
| 852 |
_aES-MaACL _jB-274 |
||
| 999 |
_c46078 _d46078 |
||